| 000 | 00723nam a2200205 i 4500 | ||
|---|---|---|---|
| 001 | 65647 | ||
| 003 | ES-MaACL | ||
| 005 | 20230906165431.0 | ||
| 007 | t| | ||
| 008 | 040120s1959 sp ||||1| spa d | ||
| 100 | 1 |
_aFritz, Alfred. _952696 |
|
| 245 | 1 | 0 |
_aCohetes y satélites artificiales _b: (la conquista del espacio interplanetario) / _cAlfred Fritz ; prólogo de Emilio Novoa ; traducción de J. Díaz Vázquez ; dibujos de Theo Lassig. |
| 250 | _a1ª ed. | ||
| 260 |
_aMadrid : _bMorata, _c1959 ( _fClemares) |
||
| 300 |
_a245 p., 13 lám. : _bil. ; _c24 cm. |
||
| 700 | 1 |
_aNovoa, Emilio. _986093 |
|
| 700 | 1 |
_aDíaz Vázquez, J. _944450 |
|
| 700 | 1 |
_aLassig, Theo. _970471 |
|
| 852 |
_aES-MaACL _jC-16936 _bR.45425 |
||
| 999 |
_c65647 _d65647 |
||